00616nam a2200133Ia 4500008004100000100002300041245013200064245013700196260005300333260000900386300001100395650001500406856006100421170221s9999 xx 000 0 und d aNina M. Stukalenko aImplementation of Competence Approach in the Professional Education of Prospective Teachers in the Higher Education Conditions  cNina M. Stukalenko, Saule Ashotovna Murzina, Boris Vasilyevich Kramarenko, Zhаdyra Kerimbaevna Ermekova, Gulmira Madievna Rakisheva bInternational Review of Management and Marketing c2016 a6 : 3S xMarketing. uhttp://www.econjournals.com/index.php/irmm/issue/view/75